Los perros no ladraron

保存先:
書誌詳細
第一著者: Naranjo, Carmen
フォーマット: 図書
言語:Undetermined
出版事項: San José, Costa Rica Editorial Costa Rica 1978
版:Primera edición
主題:
タグ: タグ追加
タグなし, このレコードへの初めてのタグを付けませんか!

MARC

LEADER 00000nam a2200000Ia 4500
008 170316s9999 xx 000 0 und d
040 |a cru BVZT 
090 |a 868 N-1p 
100 |a Naranjo, Carmen  |9 2383 
245 |a Los perros no ladraron  |c / Carmen Naranjo 
250 |a Primera edición 
260 |a San José, Costa Rica 
260 |b Editorial Costa Rica 
260 |c 1978 
300 |a 208 páginas 
650 |a LITERATURA COSTARRICENSE  |9 17 
942 |c 15 D  |h 868 N-1p  |2 z  |6 868_N1P 
999 |c 11364  |d 11364